000 00347 a2200145 4500
020 _a0673521869
082 _a337
090 _c5353
_d5353
100 _aKrugman,Paul R.
245 _aInternational Economics
_cPaul R.Krugman
260 _aNew York
_bHarper collins
_c1991
300 _a682p
500 _aHard cover
942 _aNBS
_cBK
_k337 KRU
999 _c347764
_d347764